01274nam a22003137a 450000500170000001000150001702000270003203500140005903700130007308200080008610000180009424500990011224600310021126000820024227000410032430000320036549000630039750000600046050000570052065000520057765000320062965000260066165000210068765000440070865000460075294200220079899900170082095201230083720150903122901.0 aENG-113521 c3000.00a9788177421323 aEN- 97053 bDBAD/PUB a250 aIfergan, Gidi aThe man from Samyé :cby Gidi IferganbLongchenpa on praxis, its negation and liberation / aMan from Samyé Longhenpa aNew DelhibInternational Academy of Indian Culture and Aditya Prakashanc2014 a2/18, Ansari RoadbNew Delhie110002 axii,213p. :c29cm(Hb)bill. a Śata-piṭaka series : Indo-Asian literatures ; v. 644 aOriginally presented as the author’s thesis (Ph. D.). a Includes bibliographical references (p. [169]-178). aRdzogs-chen xDoctrines v Early works to 1800. a Spiritual life xBuddhism. a Buddhist philosophy. aNegation (Logic) a Liberty xReligious aspectsxBuddhism. a AwarenessxReligious aspects xBuddhism. 2ddccENmIFEh250 c95031d95031 001040718NFICaDBADbDBADd2015-07-17eDBAD/PUBg3000.00l0o250 IFEpEN-97053r2015-07-17 00:00:00t1v3000.00yEN